| 000 | 00367nam a2200145Ia 4500 | ||
|---|---|---|---|
| 008 | 240624s9999 xx 000 0 und d | ||
| 041 | _aeng | ||
| 082 | _a658.8342 ASS | ||
| 100 | _aASSAEL HENRY | ||
| 245 | _aCONSUMER BEHAVIOR AND MARKETING ACTION | ||
| 250 | _a(6th ed.) | ||
| 260 |
_c2006 _aNew Delhi _bCengage Learning |
||
| 300 | _a718 : p. | ||
| 365 |
_cRS _b30.5 |
||
| 999 |
_c17212 _d17212 |
||